Visszautasítja, hogy talpig MSZP-vörösbe burkolta volna magát Politizál, tanít a képviselő

Elmentve itt :
Bibliográfiai részletek
Dokumentumtípus: Cikk
Megjelent: 2006-04-25
Sorozat:Délmagyarország 96 No. 96
Kulcsszavak:Sándor Klára
Online Access:http://dmarchiv.bibl.u-szeged.hu/126593
LEADER 00472nab a2200145 i 4500
001 delm126593
005 20191217105544.0
008 191217s2006 hu o 0|| hun d
040 |a SZTE Délmagyarország Archívum  |b hun 
041 |a hun 
245 0 0 |a Visszautasítja, hogy talpig MSZP-vörösbe burkolta volna magát   |h [elektronikus dokumentum] :  |b Politizál, tanít a képviselő 
260 |c 2006-04-25 
300 |a 7 
490 0 |a Délmagyarország  |v 96 No. 96 
695 |a Sándor Klára